Statistics for Every Music Genre Part 1

Click here to take the quiz!

General Stats

  • This quiz has been taken 55 times
  • The average score is 18 of 455

Answer Stats

Mother GenreAnswer% Correct
Caribbean and Caribbean-influencedDub
45%
East AsianK-pop
45%
Caribbean and Caribbean-influencedReggae
45%
ElectronicTechno
45%
BluesSt. Louis blues
43%
ElectronicDubstep
40%
East AsianJ-pop
36%
ElectronicAmbient
31%
ElectronicHardcore
31%
Hip hopTrap
31%
East AsianC-pop
29%
ElectronicDrum and bass
29%
CountryBluegrass
26%
AfricanAfrobeat
24%
ElectronicElectronica
24%
ElectronicJungle
24%
Avant-gardeNoise
24%
Caribbean and Caribbean-influencedSka
24%
ElectronicDeep house
21%
ElectronicBreakbeat
19%
Caribbean and Caribbean-influencedCalypso
19%
ElectronicDisco
19%
Caribbean and Caribbean-influencedRagga
19%
ElectronicHardstyle
17%
Avant-gardeLo-fi
17%
East AsianP-pop
17%
South and southeast AsianV-pop
17%
Hip hopCrunk
14%
ElectronicGrime
14%
ElectronicSpeedcore
14%
ElectronicBig room
12%
CountryCountry pop
12%
Hip hopDrill
12%
ElectronicGlitch
12%
ElectronicIDM
12%
Avant-gardeMusique concrète
12%
ElectronicPower electronics
12%
ElectronicProgressive house
12%
Caribbean and Caribbean-influencedReggaeton
12%
BluesRhythm and blues
12%
ElectronicTech house
12%
ElectronicTropical house
12%
ElectronicVaporwave
12%
Hip hopWest Coast hip hop
12%
ElectronicAcid house
10%
CountryAmericana
10%
ElectronicBreakcore
10%
BluesChicago blues
10%
Caribbean and Caribbean-influencedDancehall
10%
ElectronicDark ambient
10%
BluesDelta blues
10%
Hip hopEast Coast hip hop
10%
ElectronicElectro house
10%
ElectronicFuture house
10%
Caribbean and Caribbean-influencedMerengue
10%
ElectronicMinimal techno
10%
Caribbean and Caribbean-influencedSalsa
10%
Hip hopSouthern hip hop
10%
ElectronicUK garage
10%
ElectronicAcid techno
7%
CountryCajun
7%
ElectronicChicago house
7%
CountryCountry rock
7%
ElectronicDarkstep
7%
ElectronicDowntempo
7%
ElectronicEurobeat
7%
Hip hopExperimental hip hop
7%
ElectronicFolktronica
7%
FolkFreak folk
7%
ElectronicGoa trance
7%
CountryHonky Tonk
7%
ElectronicHouse music
7%
ElectronicIllbient
7%
ElectronicIndustrial metal
7%
AfricanJùjú
7%
ElectronicKrautrock
7%
ElectronicMoombahton
7%
FolkNeofolk
7%
ElectronicNeurofunk
7%
ComedyParody music
7%
ElectronicProgressive trance
7%
ElectronicSynthpop
7%
ElectronicSynthwave
7%
ElectronicUplifting trance
7%
CountryWestern swing
7%
ElectronicAggrotech
5%
CountryAlternative country
5%
Hip hopAlternative hip hop
5%
Hip hopAtlanta hip hop
5%
AfricanBenga
5%
ElectronicBitpop
5%
ElectronicBroken beat
5%
ElectronicBrostep
5%
ElectronicChiptune
5%
Hip hopChristian hip hop
5%
ElectronicColdwave
5%
ComedyComedy music
5%
ElectronicComplextro
5%
Hip hopConscious hip hop
5%
BluesCountry blues
5%
ElectronicDark wave
5%
ElectronicDeath industrial
5%
ElectronicDetroit techno
5%
ElectronicDrumstep
5%
ElectronicDutch house
5%
BluesElectric blues
5%
ElectronicElectropop
5%
Easy listeningElevator music
5%
ElectronicEurodance
5%
ElectronicFrench house
5%
ElectronicFunky house
5%
ElectronicFuture garage
5%
ElectronicGabba
5%
Hip hopG-funk
5%
ElectronicGhetto house
5%
ElectronicGhettotech
5%
ElectronicGlitch hop
5%
ElectronicHappy hardcore
5%
ElectronicHardstep
5%
AfricanHighlife
5%
ElectronicHi-NRG
5%
ElectronicHip house
5%
Hip hopHorrorcore
5%
Hip hopHyphy
5%
FolkIndie folk
5%
ElectronicIndustrial rock
5%
ElectronicItalo disco
5%
East AsianJ-rock
5%
AfricanKapuka
5%
ElectronicLowercase
5%
ElectronicMákina
5%
Caribbean and Caribbean-influencedMambo
5%
East AsianMandopop
5%
BluesMemphis blues
5%
FolkPsychedelic folk
5%
ElectronicPsychedelic trance
5%
CountryRockabilly
5%
Caribbean and Caribbean-influencedRumba
5%
ElectronicTechstep
5%
BluesTexas blues
5%
ElectronicTrance music
5%
ElectronicTribal house
5%
Hip hopUnderground hip hop
5%
ElectronicWonky
5%
Caribbean and Caribbean-influencedZouk
5%
CountryZydeco
5%
ElectronicAcid jazz
2%
ElectronicAcid trance
2%
BluesAfrican blues
2%
AfricanAfrican hip hop
2%
ElectronicAlternative dance
2%
ElectronicAmbient house
2%
FolkAnti-folk
2%
AfricanApala
2%
Easy listeningBackground music
2%
ElectronicBassline/4x4 garage
2%
South and southeast AsianBhangra
2%
ElectronicBig beat
2%
AfricanBikutsi
2%
AfricanBongo Flava
2%
ElectronicBoogie
2%
ElectronicBouncy techno
2%
Caribbean and Caribbean-influencedBouyon
2%
ElectronicBreakbeat hardcore
2%
BluesBritish blues
2%
Hip hopChap hop
2%
Hip hopChicago hip hop
2%
ElectronicChill-out
2%
AfricanChimurenga
2%
Hip hopChopped and screwed
2%
CountryClassic country
2%
BluesClassic female blues
2%
ComedyComedy rock
2%
FolkContemporary folk
2%
CountryCountry rap
2%
AfricanCoupé-Décalé
2%
CountryCowpunk
2%
ElectronicDance-rock
2%
ElectronicDarkcore
2%
ElectronicDark electro
2%
Hip hopDetroit hip hop
2%
ElectronicDigital hardcore
2%
ElectronicDisco polo
2%
ElectronicDoomcore
2%
ElectronicDrill and bass
2%
ElectronicElectro-industrial
2%
ElectronicElectronic body music
2%
ElectronicElectro swing
2%
ElectronicEthereal wave
2%
ElectronicEuro disco
2%
ElectronicFidget house
2%
South and southeast AsianFilmi
2%
ElectronicFlorida breaks
2%
ElectronicFree tekno
2%
ElectronicFunkstep
2%
ElectronicFuturepop
2%
South and southeast AsianGamelan
2%
Hip hopHardcore hip hop
2%
ElectronicHard house
2%
ElectronicHard NRG
2%
ElectronicHard trance
2%
Hip hopHouston hip hop
2%
South and southeast AsianIndian pop
2%
ElectronicIndustrial music
2%
Hip hopInstrumental hip hop
2%
AfricanIsicathamiya
2%
ElectronicItalo dance
2%
ElectronicJapanoise
2%
Hip hopJerkin'
2%
BluesJump blues
2%
ElectronicJumpstyle
2%
ElectronicJump-up
2%
AfricanKizomba
2%
AfricanKwaito
2%
ElectronicLatin house
2%
ElectronicLiquid funk
2%
South and southeast AsianLuk Thung
2%
AfricanMakossa
2%
AfricanMbalax
2%
ElectronicMelbourne bounce
2%
ElectronicMicrohouse/Minimal house
2%
ElectronicMinimal wave
2%
South and southeast AsianMorlam
2%
AfricanMorna
2%
CountryNashville sound
2%
AfricanNdombolo
2%
Easy listeningNew-age music
2%
ElectronicNew beat
2%
ElectronicNintendocore
2%
ElectronicNitzhonot
2%
CountryOutlaw country
2%
AfricanPalm-wine
2%
ElectronicPsybient
2%
ElectronicRaggacore
2%
Caribbean and Caribbean-influencedRocksteady
2%
FolkSinger-songwriter movement
2%
FolkSkiffle
2%
Hip hopSnap music
2%
Caribbean and Caribbean-influencedSon cubano
2%
BluesSoul blues
2%
ElectronicSpeed garage
2%
East AsianTaiwanese pop
2%
ElectronicTech trance
2%
ElectronicTrapstep
2%
ElectronicTrival
2%
ElectronicUK funky
2%
ElectronicUK hardcore
2%
ElectronicVocal trance
2%
ElectronicWitch house
2%
Electronic2-step garage
0%
Caribbean and Caribbean-influenced2 Tone
0%
Electronic4-beat
0%
ElectronicAcid breaks
0%
ElectronicAcousmatic music
0%
AfricanAfrican heavy metal
0%
ElectronicAfro / Cosmic disco
0%
ElectronicAmbient dub
0%
FolkAmerican folk revival
0%
East AsianAnison
0%
ElectronicAsian Underground
0%
CountryAustralian country music
0%
Hip hopAustralian hip hop
0%
South and southeast AsianBaila
0%
Caribbean and Caribbean-influencedBaithak Gana
0%
CountryBakersfield sound
0%
ElectronicBalearic beat
0%
ElectronicBalearic trance
0%
ElectronicBaltimore club
0%
South and southeast AsianBaul
0%
Easy listeningBeautiful music
0%
ElectronicBerlin school
0%
CountryBlues country
0%
BluesBlues shouter
0%
BluesBluse rock
0%
Hip hopBounce music
0%
ElectronicBouncy house
0%
ElectronicBreakstep
0%
Hip hopBrick City club
0%
FolkBritish folk revival
0%
Hip hopBritish hip hop
0%
ElectronicBubblegum dance
0%
Caribbean and Caribbean-influencedCadence-lypso
0%
CountryCajun fiddle tunes
0%
BluesCanadian blues
0%
East AsianCantopop
0%
AfricanCape Jazz
0%
FolkCeltic music
0%
Caribbean and Caribbean-influencedCha cha cha
0%
FolkChalga
0%
Hip hopChicano rap
0%
ElectronicChillstep
0%
ElectronicChillwave
0%
CountryChristian country music
0%
Caribbean and Caribbean-influencedChutney
0%
Caribbean and Caribbean-influencedChutney soca
0%
CountryClose harmony
0%
Caribbean and Caribbean-influencedCompas
0%
AfricanCongolese rumba
0%
BluesContemporary R&B
0%
FolkCowboy/Western music
0%
Hip hopCrunkcore
0%
ElectronicCybergrind
0%
Caribbean and Caribbean-influencedDancehall Music
0%
ElectronicDance-pop
0%
ElectronicDance-punk
0%
South and southeast AsianDangdut
0%
CountryDansband music
0%
ElectronicDarkcore jungle
0%
BluesDetroit blues
0%
ElectronicDiva house/Handbag house
0%
ElectronicDream trance
0%
ElectronicDrone music
0%
ElectronicDubstyle
0%
ElectronicDub techno
0%
ElectronicDubtronica
0%
Avant-gardeElectroacoustic
0%
ElectronicElectroacoustic music
0%
ElectronicElectroclash
0%
ElectronicElectro music
0%
ElectronicElectronicore
0%
ElectronicElectronic rock
0%
ElectronicElectropunk
0%
East AsianEnka
0%
ElectronicEthnic electronica
0%
Avant-gardeExperimental music
0%
AsianFann at-Tanbura
0%
AsianFijiri
0%
FolkFilk music
0%
CountryFranco-country
0%
ElectronicFreestyle music
0%
AfricanFuji music
0%
ElectronicFull on
0%
ElectronicFunktronica
0%
Easy listeningFurniture music
0%
ElectronicGame Boy music
0%
AfricanGenge
0%
Hip hopGolden age hip hop
0%
BluesGospel blues
0%
ElectronicGrindie
0%
ElectronicHardbag
0%
CountryHellbilly music
0%
BluesHill country blues
0%
AfricanHiplife
0%
Hip hopHip pop
0%
CountryHokum
0%
BluesHokum blues
0%
East AsianHong Kong English pop
0%
AfricanIgbo highlife
0%
AfricanIgbo rap
0%
ElectronicIndietronica
0%
FolkIndustrial folk
0%
Hip hopIndustrial hip hop
0%
CountryInstrumental country
0%
ElectronicIsolationism
0%
ElectronicItalo house
0%
ElectronicJazz house
0%
ElectronicJersey club
0%
AfricanJit
0%
AfricanKadongo Kamu
0%
BluesKansas City blues
0%
East AsianKayōkyoku
0%
South and southeast AsianKeroncong
0%
AsianKhaliji
0%
AfricanKuduro
0%
AfricanKwela
0%
ElectronicLaptronica
0%
South and southeast AsianLavani
0%
ElectronicLento violento
0%
ElectronicLiquid dubstep
0%
ElectronicLivetronica
0%
AsianLiwa
0%
BluesLouisiana blues
0%
Easy listeningLounge music
0%
Caribbean and Caribbean-influencedLovers rock
0%
Hip hopLow Bap
0%
South and southeast AsianLuk Krung
0%
Hip hopLyrical hip hop
0%
Hip hopMafioso rap
0%
AfricanMaloya
0%
South and southeast AsianManila Sound
0%
AfricanMarrabenta
0%
AfricanMbaqanga
0%
AfricanMbube
0%
Caribbean and Caribbean-influencedMéringue
0%
ElectronicMiami bass
0%
Easy listeningMiddle of the road
0%
Hip hopMidwest hip hop
0%
ElectronicMoombahcore
0%
Caribbean and Caribbean-influencedMosambique
0%
CountryNeotraditional country
0%
ElectronicNeue Deutsche Härte
0%
ElectronicNeurohop
0%
Hip hopNew Jersey hip hop
0%
ElectronicNew rave
0%
ElectronicNortec
0%
ComedyNovelty music
0%
ElectronicNu-disco
0%
ElectronicNu-funk
0%
ElectronicNu-gaze
0%
ElectronicNu-NRG
0%
ElectronicNu skool breaks
0%
East AsianOnkyokei
0%
South and southeast AsianOriginal Pilipino Music
0%
ElectronicOutsider house
0%
BluesPiedmont blues
0%
South and southeast AsianPinoy pop
0%
South and southeast AsianPop sunda
0%
ElectronicPost-disco
0%
ElectronicPower noise
0%
CountryProgressive bluegrass
0%
CountryProgressive country
0%
FolkProgressive folk
0%
FolkProtest song
0%
CountryPsychobilly/Punkabilly
0%
BluesPunk blues
0%
Caribbean and Caribbean-influencedPunta
0%
Caribbean and Caribbean-influencedPunta rock
0%
Caribbean and Caribbean-influencedRagga jungle
0%
South and southeast AsianRagini
0%
ElectronicRara tech
0%
Caribbean and Caribbean-influencedRasin
0%
CountryReactionary bluegrass
0%
CountryRed dirt
0%
Hip hopReggae Español/Spanish Reggae
0%
Caribbean and Caribbean-influencedReggae fusion
0%
ElectronicReggaestep
0%
ElectronicSambass
0%
CountrySertanejo
0%
Caribbean and Caribbean-influencedSka Punk
0%
ElectronicSkweee
0%
Caribbean and Caribbean-influencedSoca
0%
Caribbean and Caribbean-influencedSongo
0%
Hip hopSongo-salsa
0%
ElectronicSpace disco
0%
ElectronicSpace music
0%
ElectronicSpace rock
0%
Hip hopSt. Louis hip hop
0%
FolkSung poetry
0%
ElectronicSuomisaundi
0%
BluesSwamp blues
0%
AsianSwat
0%
ElectronicTechdombe
0%
ElectronicTecno brega
0%
CountryTexas country
0%
South and southeast AsianThai pop
0%
Caribbean and Caribbean-influencedTimba
0%
CountryTraditional country music
0%
ElectronicTrip hop(or Bristol sound)
0%
CountryTruck-driving country
0%
Hip hopTurntablism
0%
Hip hopTwin Cities hip hop
0%
Caribbean and Caribbean-influencedTwoubadou
0%
Hip hopUrban Pasifika
0%
ElectronicVideo game music
0%
BluesWest Coast blues
0%

Score Distribution

Percentile by Number Answered

Percent of People with Each Score

Your Score History

You have not taken this quiz